MDQL
is popping MORE tags! Check the
thread
!
Quizzes
Events
Quiz Creation
Community
Videos
Private Events
Remove Ads
Sign In
Join for FREE
Feedback
Dark Mode
Quiz Categories
Sports
Geography
Music
Movies
Television
Just For Fun
Miscellaneous
History
Literature
Language
Science
Gaming
Entertainment
Religion
Holiday
For Kids
Quiz Lab
Recent
Popular Today
Quiz Kudos Today
Editor Picks
Curator Picks
Quizzes by...
Day
Popularity
Type
Ratings
Length
Year
Community
Subscriptions
Recent Discussions
Orange Saloon
Badges
Playlists
Quests
Create
Leaderboards
Showdown
Live 5
Trivia Bingo
Activity
Puzzle Library
Sporcle Events
Private Events
Virtual Trivia
Globe League
Become a Host
Pub Owners
SporcleCon
Opinionation
Our Games
Videos
Blog
Mobile Apps
Partnerships
Remove Ads and Go Orange
Feedback
Sports
Athletes
MLB
NBA
NHL
NFL
Soccer
Sports Teams
WWE
NCAA
Football
Premier League
Basketball
Baseball
Hockey
Golf
Tennis
Cricket
Rugby
Auto Racing
Olympics
World Cup
Sports
Athletes
MLB
NBA
NHL
NFL
Soccer
Sports Teams
WWE
NCAA
Football
Premier League
Basketball
Baseball
Hockey
Golf
Tennis
Cricket
Rugby
Auto Racing
Olympics
World Cup
Random Quiz
Search Sporcle
×
Quiz Lab
Quiz Lab
Sports
Tennis
Type in answers that appear in a list
Type in answers that appear in a list
Classic
Best Score? Go Orange.
World without Roger Federer Stats
Can you name the players who lost against Roger Federer in a Grand Slam Final?
By
Kompaz
4m
17 Questions
1,680 Plays
1,680 Plays
1,680 Plays
Comments
Comments
Give Quiz Kudos
Give Quiz Kudos
-
- Ratings
hide this ad
More Info
Replay
Link that replays current quiz
Next Quiz
Link to next quiz in quiz playlist
You Got
0%
They Got
Avg Score
86%
Avg Friend Score
Upgrade to see
Score Distribution
Jump to the score distribution portion of the page
Score
0/17
Timer
04:00
0
Plays Today
Grand Slam
Player
% Correct
Wimbledon 2006
Rafael Nadal
99.5%
Wimbledon 2007
Rafael Nadal
99.5%
US Open 2008
Andy Murray
97.1%
Australian Open 2010
Andy Murray
97.1%
Wimbledon 2012
Andy Murray
97.1%
US Open 2008
Novak Đoković
96.7%
Wimbledon 2004
Andy Roddick
93.4%
Wimbledon 2005
Andy Roddick
93.4%
US Open 2006
Andy Roddick
93.4%
Grand Slam
Player
% Correct
Wimbledon 2009
Andy Roddick
93.4%
US Open 2004
Lleyton Hewitt
83.5%
Roland Garros 2009
Robin Söderling
83.4%
US Open 2005
Andre Agassi
83.3%
Australian Open 2004
Marat Safin
74.9%
Wimbledon 2003
Mark Philippoussis
62.6%
Australian Open 2006
Marcos Baghdatis
61.4%
Australian Open 2007
Fernando González
54.6%
Quiz Playlist
Details
Report
Send in Message
Add To Playlist
More Info:
Can you name the players who lost in a grand slam final against Roger Federer?
Classic:
Type in answers that appear in a list
Quiz Source
Last Updated: Feb 16, 2017
Quiz Scoreboard
CHALLENGE
Sign Up to Join the Scoreboard
Show All
Scores
Hide
Comments
May contain spoilers
Recently Published
5x2 Blitz: Bands
by SL_Kpop136
Music
30s
Colored Red Africa Blitz
by spor1
Geography
30s
Find the 'City' Movie
by crazypaving
Movies
60s
More to Explore
Quiz From the Vault
Featured Blog Post
14 Easter Pick-up Lines to Find Eggs With
hide this ad
You Might Also Like...
Tags
Tennis Quiz
Australian Open
Federer
Grand Slam
US Open
Wimbledon
Today's Top Quizzes in Sports
Browse Sports
hide this ad
Today's Top Quizzes in Tennis
Browse Tennis
Top Contributed Quizzes in Sports
1
Players with Multiple 50 Home Run Seasons
2
Who Needs Fielders?
3
Criteria MLB: Left Handed Sluggers
4
MLB Players with Two .350 Batting Average Seasons
5
Who Hit More Homers?
6
2020 F1 Drivers Logic Puzzle
7
NBA Teammate Connections
8
Premier League Clubs since 2000 (minefield)
9
MLB Teams by First Game
10
Top 10 NHL Goal Scorers of All Time
Explore More
Trending Topics
Anime
Harry Potter
Disney
Kpop
Crossword
NBA
Marvel
NFL
Puzzle
Song
WWE
Soccer
The Office
Country
Pokémon
hide this ad
More By:
Kompaz
Quiz
Plays
Rating
Category
Featured
Created
Combination Lock: Literature
13,962
4.69
Literature
Mar 5, 2012
Let It Be lyrics
4,163
4.68
Music
May 15, 2012
Five Monuments of Cycling (since 1960)
2,827
4.40
Sports
Feb 26, 2012
Medieval Weapons
1,720
2.67
History
Feb 28, 2012
World without Roger Federer
1,680
4.46
Sports
Aug 22, 2013
Go to Creator's Profile
Score Distribution
Quiz Creator Spotlight
Kompaz
Follow
Send a Message
Quizzes Created
-
Created Quiz Play Count
-
More By This Creator
Popular Quizzes Today
1
Find the 'City' Movie
2
5x2 Blitz: Bands
3
Colored Red Africa Blitz
4
Find the US States - No Outlines Minefield
5
The Countries of the World
6
Find the US States
7
9x9 Crossword: Cartoon Network
8
US States
More Sports Quizzes
WrestleMania vs. Wrestle Kingdom: Main Events (2020-21)
Quiz Lab
Trending Quizzes
Colored Red Europe Blitz I
Colored Red Africa Blitz II
Colored Red Europe Blitz III
Colored Red Europe Blitz II
Colored Red Africa Blitz III
Recently Updated
Champions League XIs: Real Madrid
pecheneg
Largest US Cities 1790-2010
pecheneg
Rides in Walt Disney World
pecheneg
Most Oscar Losses (Acting)
pecheneg
Beyoncé Albums
pecheneg
Leaping Animals
pecheneg
Reality TV Shows (A-Z)
bhenderson79
Rickey Henderson's Hall of Fame Teammates
pecheneg
Champions League XIs: Arsenal
pecheneg
Quick Pick: Celebrities in WWE's Hall of Fame
aduchscher
Trending Topics
Harry Potter
Disney
Anime
NBA
Crossword
Marvel
Kpop
Puzzle
Country
The Office
Song
WWE
NFL
Soccer
Pokémon
Your Account Isn't Verified!
In order to create a playlist on Sporcle, you need to verify the email address you used during registration. Go to your
Sporcle Settings
to finish the process.
Report this User
Report this user for behavior that violates our
Community Guidelines
.
Details:
Send Report
Go to the Sporcle.com Mobile Site →
Comments